Hovoříme s hostem Anglicky, francouzsky, maďarsky, německy, rusky, španělsky

Na minha lista:
Detalhes bibliográficos
Autor principal: Žižkovský, Antonín
Outros Autores: Čech, Jiří, Krupička, Jíří
Formato: Livro
Idioma:tcheco
Publicado em: Praha Merkur 1988
Edição:7. nezměn. vyd.
Tags: Adicionar Tag
Sem tags, seja o primeiro a adicionar uma tag!

MARC

LEADER 00000nam a2200000 4500
001 c034588
005 20221219085200.1
041 0 |a cze 
044 |a CZ 
245 1 0 |a Hovoříme s hostem  |b Anglicky, francouzsky, maďarsky, německy, rusky, španělsky  |c Antonín Žižkovský, Jiří Čech, Jíří Krupička 
250 |a 7. nezměn. vyd. 
264 1 |a Praha  |b Merkur  |c 1988 
300 |a 343 s. 
100 1 |a Žižkovský, Antonín 
700 1 |a Čech, Jiří 
700 1 |a Krupička, Jíří